Les villes françaises disposant d'un métro - Mort Subite - Statistiques

Statistiques générales
  • Ce quiz a été pris 623 fois
    622 depuis la dernière actualisation
  • Le résultat moyen est 5 sur 6
Answers on the Grid
Answers color-coded by a green-red scale on the quiz's grid according to % correct below.
Paris
Lyon
Marseille
Lille
Toulouse
Rennes
Strasbourg
Nice
Angers
Narbonne
Orléans
Fort-de-France
 
Statistiques - réponses
Réponse % Correct
Paris
96%
Lyon
90%
Marseille
85%
Lille
77%
Toulouse
74%
Rennes
67%
Aucun quiz correspondant
Distribution des résultats
% des personnes avec chaque résultat
Percentile par nombre de réponses
Votre historique - résultats
Vous n’avez pas pris ce quiz depuis la dernière actualisation